NBA Team Logos - Sudden Death - Statistics

General Stats
  • This quiz has been taken 4,262 times
    2,823 since last reset
  • The average score is 26 of 30
Answers on the Grid
Answers color-coded by a green-red scale on the quiz's grid according to % correct below.
 
Answer Stats
Answer % Correct
NBA
89%
NBA
88%
NBA
87%
NBA
87%
NBA
87%
NBA
87%
NBA
87%
NBA
87%
NBA
86%
NBA
86%
NBA
86%
NBA
86%
NBA
86%
NBA
86%
NBA
86%
NBA
86%
NBA
86%
NBA
86%
NBA
86%
NBA
86%
NBA
86%
NBA
85%
NBA
84%
NBA
84%
NBA
84%
NBA
84%
NBA
84%
NBA
82%
NBA
81%
NBA
79%
No matching quizzes found
Score Distribution
Percent of People with Each Score
Percentile by Number Answered
Your Score History
You have not taken this quiz since the last reset